logo

Bir Sreshtho Munshi Abdur Rouf Library
Jhenaidah Cadet College

ফার্স্ট থিংস ফার্স্ট / (Record no. 12288)

MARC details
000 -LEADER
fixed length control field 00825nam a2200253 a 4500
001 - CONTROL NUMBER
JCCL Control Number 12288
003 - CONTROL NUMBER IDENTIFIER
JCCL marc code BD-JhCC
005 - DATE AND TIME OF LATEST TRANSACTION
control field 20221013134023.0
008 - FIXED-LENGTH DATA ELEMENTS--GENERAL INFORMATION
fixed length control field 210923b2021 bg a|||| ||a| 000 0 Ben d
020 ## - INTERNATIONAL STANDARD BOOK NUMBER
International Standard Book Number 9789849492900
035 ## - SYSTEM CONTROL NUMBER
system control number (BD-JhCC)12288
040 ## - CATALOGING SOURCE
Original cataloging agency BD-JhCC
Modifying agency BD-JhCC
041 ## - LANGUAGE CODE
Language code of Book Bengali
082 ## - DEWEY DECIMAL CLASSIFICATION NUMBER
Classification number 170
Author mark and Year BEG 2021
100 ## - MAIN ENTRY--PERSONAL NAME
Personal name বেগ,খালিদ
245 ## - TITLE STATEMENT
Title ফার্স্ট থিংস ফার্স্ট /
Statement of responsibility, etc খালিদ বেগ, অনু: মুহাম্মদ আদম আলী।
260 ## - PUBLICATION, DISTRIBUTION, ETC. (IMPRINT)
Place of publication, distribution, etc ঢাকা:
Name of publisher, distributor, etc মাকতাবাতুল ফুরকান;
Date of publication, distribution, etc ২০২১.
300 ## - PHYSICAL DESCRIPTION
Pagination 432 p. :
Other physical details ill;
Dimensions 22 cm.
650 ## - SUBJECT ADDED ENTRY--TOPICAL TERM
Topical term or geographic name as entry element Cognation
650 ## - SUBJECT ADDED ENTRY--TOPICAL TERM
Topical term or geographic name as entry element Ethics
700 ## - ADDED ENTRY--PERSONAL NAME
Personal name আলী, মুহাম্মদ আদম
942 ## - ADDED ENTRY ELEMENTS (KOHA)
Source of classification or shelving scheme Dewey Decimal Classification
Koha item type Books
Koha issues (borrowed), all copies 2
Holdings
Source of classification or shelving scheme Damaged status Not for loan Home library Current library Shelving location Date of accession Cost, normal purchase price Total Checkouts Total Renewals Full call number Barcode Date last seen Date checked out Copy number Koha item type
Dewey Decimal Classification     JCC Rouf Library JCC Rouf Library General Stacks 11/19/2024 360.00 6 1 170 BEG 2021 16962 02/09/2026 11/19/2025 C-1 Books
Dewey Decimal Classification     JCC Rouf Library JCC Rouf Library General Stacks   360.00 2   170 BEG 2021 17018 10/26/2022 10/12/2022 C-2 Books

JCC Library | Contacts | JCC Home

Last Update on 23 September 2017
Copyright @ 2017-2020 JCC Rouf Library
Rouf Library, Jhenidah Cadet College (JCC), Bangladesh